The Oxford handbook of international relations / (Record no. 2000)
| 000 -LEADER | |
|---|---|
| fixed length control field | 01398cam a2200361 a 4500 |
| 001 - CONTROL NUMBER | |
| control field | 15196607 |
| 003 - CONTROL NUMBER IDENTIFIER | |
| control field | OSt |
| 005 - DATE AND TIME OF LATEST TRANSACTION | |
| control field | 20160107113633.0 |
| 008 - FIXED-LENGTH DATA ELEMENTS--GENERAL INFORMATION | |
| fixed length control field | 080227s2008 enk b 001 0 eng |
| 010 ## - LIBRARY OF CONGRESS CONTROL NUMBER | |
| LC control number | 2008006027 |
| 020 ## - INTERNATIONAL STANDARD BOOK NUMBER | |
| International Standard Book Number | 9780199219322 (acidfree paper) |
| 020 ## - INTERNATIONAL STANDARD BOOK NUMBER | |
| International Standard Book Number | 019921932X (acidfree paper) |
| 035 ## - SYSTEM CONTROL NUMBER | |
| System control number | (OCoLC)191929793 |
| 035 ## - SYSTEM CONTROL NUMBER | |
| System control number | (OCoLC)ocn191929793 |
| 040 ## - CATALOGING SOURCE | |
| Original cataloging agency | DLC |
| Transcribing agency | DLC |
| Modifying agency | BTCTA |
| -- | BAKER |
| -- | YDXCP |
| -- | BWKUK |
| -- | BWK |
| -- | NLGGC |
| -- | BWX |
| -- | CDX |
| -- | DLC |
| 050 00 - LIBRARY OF CONGRESS CALL NUMBER | |
| Classification number | JZ1242.O94 2008 |
| 082 00 - DEWEY DECIMAL CLASSIFICATION NUMBER | |
| Classification number | 327 |
| Edition number | 22 |
| 084 ## - OTHER CLASSIFICATION NUMBER | |
| Classification number | 89.70 |
| Source of number | bcl |
| 245 04 - TITLE STATEMENT | |
| Title | The Oxford handbook of international relations / |
| Statement of responsibility, etc | edited by Christian Reus-Smit and Duncan Snidal. |
| 246 30 - VARYING FORM OF TITLE | |
| Title proper/short title | International relations |
| 260 ## - PUBLICATION, DISTRIBUTION, ETC. (IMPRINT) | |
| Place of publication, distribution, etc | Oxford ; |
| -- | New York : |
| Name of publisher, distributor, etc | Oxford University Press, |
| Date of publication, distribution, etc | 2008. |
| 300 ## - PHYSICAL DESCRIPTION | |
| Extent | xiii, 772 p. ; |
| Dimensions | 26 cm. |
| 440 #0 - SERIES STATEMENT/ADDED ENTRY--TITLE | |
| Title | Oxford handbooks of political science |
| 504 ## - BIBLIOGRAPHY, ETC. NOTE | |
| Bibliography, etc | Includes bibliographical references and indexes. |
| 650 #0 - SUBJECT ADDED ENTRY--TOPICAL TERM | |
| Topical term or geographic name as entry element | International relations. |
| 650 #0 - SUBJECT ADDED ENTRY--TOPICAL TERM | |
| Topical term or geographic name as entry element | World politics. |
| 700 1# - ADDED ENTRY--PERSONAL NAME | |
| Personal name | Reus-Smit, Christian, |
| Dates associated with a name | 1961- |
| 700 1# - ADDED ENTRY--PERSONAL NAME | |
| Personal name | Snidal, Duncan. |
| 856 41 - ELECTRONIC LOCATION AND ACCESS | |
| Materials specified | Table of contents only |
| Uniform Resource Identifier | <a href="http://www.loc.gov/catdir/toc/ecip0812/2008006027.html">http://www.loc.gov/catdir/toc/ecip0812/2008006027.html</a> |
| 906 ## - LOCAL DATA ELEMENT F, LDF (RLIN) | |
| a | 7 |
| b | cbc |
| c | orignew |
| d | 1 |
| e | ecip |
| f | 20 |
| g | y-gencatlg |
| 942 ## - ADDED ENTRY ELEMENTS (KOHA) | |
| Source of classification or shelving scheme | |
| Koha item type | Book |
| Withdrawn status | Lost status | Source of classification or shelving scheme | Damaged status | Not for loan | Home library | Current library | Shelving location | Date acquired | Total Checkouts | Total Renewals | Full call number | Barcode | Date last seen | Date checked out | Copy number | Price effective from | Koha item type | Checked out |
|---|---|---|---|---|---|---|---|---|---|---|---|---|---|---|---|---|---|---|
| Riara University Library | Riara University Library | General stack | 07/01/2016 | 16 | 2 | JZ 1242 .O94 2008 | 6682/15 | 22/11/2019 | 15/10/2019 | C.1 | 07/01/2016 | Book | ||||||
| Riara University Library | Riara University Library | General stack | 07/01/2016 | 28 | 5 | JZ 1242 .O94 2008 | 6683/15 | 01/12/2025 | 01/12/2025 | C.2 | 07/01/2016 | Book | 18/12/2025 | |||||
| Riara University Library | Riara University Library | General stack | 07/01/2016 | 18 | 1 | JZ 1242 .O94 2008 | 6684/15 | 19/02/2026 | 29/10/2025 | C.3 | 07/01/2016 | Book |
